000 00354nam a2200157Ia 4500
003 Ost
005 20260225132558.0
008 260225s9999||||xx |||||||||||||| ||und||
040 _cfsic
041 _afre
082 _a302.23
100 _aMarie lise marliere
_eAuteur
245 0 _aParde Sauvage /
245 0 _cMarie lise marliere
942 _cكتاب
999 _c34588
_d34588